[Event "I Joan Casals"]
[Site "Mao ESP"]
[Date "2007.10.29"]
[Round "6"]
[White "Huerga Leache,M"]
[Black "Pogorelov,R"]
[Result "1-0"]
[WhiteElo "2440"]
[BlackElo "2411"]

1.e4 c5 2.Nf3 e6 3.d4 cxd4 4.Nxd4 Nc6 5.Nc3 Qc7 6.Be3 a6 7.Qd2 Nf6 8.O-O-O Bb4
9.f3 Ne5 10.Nb3 d5 11.Bd4 O-O 12.Kb1 dxe4 13.Qf4 Bd6 14.Nxe4 Nxe4 15.Qxe4 Ng6
16.g4 e5 17.Bc3 Be6 18.Bd3 Rfe8 19.h4 f6 20.Rd2 Rad8 21.h5 Nf8 22.Rhd1 Rd7
23.Qe3 h6 24.Ba5 Qb8 25.Bb6 Be7 26.Nc5 Bxc5 27.Bxc5 Qc8 28.Bxf8 Kxf8 29.Qe4 Red8
30.g5 Rd4 31.Qh7 Bg8 32.Qh8 fxg5 33.Re1 Rxd3 34.cxd3 Qf5 35.Red1 Qf7 36.b3 Qxh5
37.Rc1 Qf7 38.Rdc2 Qf5 39.Rc7 Qxd3+ 40.Kb2 Qd2+ 41.R1c2 Qd4+ 42.Ka3 Qd6+
43.Ka4 Rd7 44.Rc8+ Rd8 45.R2c7 Qd4+ 46.b4 Qd1+ 47.Ka5 Qd5+ 48.Kb6 Qe6+ 49.Ka7 Rxc8
50.Qxg7+ Ke8 51.Rxc8+ Qxc8 52.Qxg8+ Kd7 53.Qd5+ Kc7 54.Qc5+ Kd7 55.Qd5+ Ke7
56.Qxe5+ Kf7 57.a4 Qc6 58.Qf5+ Kg7 59.a5 Qg6 60.Qxg6+ Kxg6 61.Kxb7 h5 62.b5 h4
63.bxa6 h3 64.a7 h2 65.a8=Q h1=Q 66.Qe8+ Kf6 67.Qc6+ Kf5 68.a6 Qb1+ 69.Kc7 Qb2
70.a7 Qe5+ 71.Kb6  1-0

[Event "ETCC w"]
[Site "Crete GRE"]
[Date "2007.10.30"]
[Round "3"]
[White "Kosintseva,N"]
[Black "Velcheva,M"]
[Result "1-0"]
[WhiteElo "2469"]
[BlackElo "2255"]

1.e4 c5 2.Nf3 e6 3.d4 cxd4 4.Nxd4 Nc6 5.Nc3 Qc7 6.Be3 a6 7.Qd2 Nf6 8.O-O-O Bb4
9.f3 Ne5 10.Nb3 b5 11.Kb1 Nc4 12.Bxc4 bxc4 13.Nd4 Rb8 14.g4 O-O 15.g5 Qa5
16.Ka1 Ne8 17.h4 Nc7 18.h5 e5 19.Nde2 d5 20.exd5 Rd8 21.h6 Nxd5 22.g6 Bf5
23.gxf7+ Kxf7 24.Qxd5+ Rxd5 25.Rxd5 Qc7 26.hxg7 Kxg7 27.Rhd1 Qb7 28.Bc1 Kf8
29.a3 Bxc3 30.Nxc3 Bxc2 31.Rg1 Bg6 32.Rxe5 Re8 33.Rd5 Kf7 34.f4 Rg8 35.f5 Bh5
36.Re1 Re8 37.Rh1 Kf8 38.Rxh5 Re1 39.Kb1 Qe7 40.Rh2 Qg5 41.Rhd2 Qg1 42.Rd8+ Kf7
43.R2d7+ Re7 44.Nd5 Rxd7 45.Rxd7+ Kf8 46.Rxh7 Qf1 47.Nf4 c3 48.Rh2 Qb5 49.Rf2 cxb2
50.Bxb2 a5 51.Ng6+ Ke8 52.Ne5 Qd5 53.Rf1 Qg2 54.Re1 Qg3 55.Rc1 Ke7 56.Ka1 a4
57.Nc6+ Ke8 58.f6 Qf3 59.Ne5 Qh3 60.f7+ Kf8 61.Bc3  1-0

[Event "ETCC w"]
[Site "Crete GRE"]
[Date "2007.10.30"]
[Round "3"]
[White "Muzychuk,A"]
[Black "Bojkovic,N"]
[Result "1/2-1/2"]
[WhiteElo "2469"]
[BlackElo "2428"]

1.e4 c5 2.Nf3 e6 3.d4 cxd4 4.Nxd4 Nc6 5.Nc3 d6 6.Be3 Nf6 7.f3 Be7 8.Qd2 O-O
9.O-O-O a6 10.g4 Nxd4 11.Qxd4 Nd7 12.g5 b5 13.h4 Qa5 14.Kb1 Ne5 15.f4 Ng4
16.Bh3 Nxe3 17.Qxe3 b4 18.Ne2 Qc5 19.Qf3 Bb7 20.Nd4 Rac8 21.Rh2 Kh8 22.h5 a5
23.Qd3 Qc4 24.Bf1 Qxd3 25.Bxd3  1/2-1/2

[Event "ETCC w"]
[Site "Crete GRE"]
[Date "2007.10.30"]
[Round "3"]
[White "Madl,I"]
[Black "Milliet,S"]
[Result "1-0"]
[WhiteElo "2381"]
[BlackElo "2395"]

1.e4 c5 2.Nf3 e6 3.d4 cxd4 4.Nxd4 Nc6 5.Nc3 Qc7 6.f4 Nxd4 7.Qxd4 a6 8.a4 b6
9.Be3 Bb7 10.Be2 Nf6 11.Bf3 Bc5 12.Qd3 e5 13.fxe5 Qxe5 14.O-O-O O-O 15.Bd4 Bxd4
16.Qxd4 Rfe8 17.Qxb6 Qg5+ 18.Kb1 Nxe4 19.Bxe4 Bxe4 20.Nxe4 Rxe4 21.Rxd7 Qxg2
22.Rhd1 h6 23.Rxf7 Rc4 24.Qb3 Qe2 25.Rdd7 Qe1+ 26.Ka2 Qe6 27.Rxg7+ Kh8 28.Rh7+ Kg8
29.Rdg7+ Kf8 30.Qa3+ Rb4+ 31.b3 a5 32.Rf7+ Qxf7 33.Rxf7+ Kxf7 34.Qc1 Ra6
35.Qd2 Rbb6 36.Qd7+ Kg6 37.Qg4+ Kf7 38.Qd7+ Kg6 39.Qd3+ Kg5 40.Ka3 Kf4 41.c4 Rd6
42.Qc3 Ke4 43.c5 Rf6 44.Qc4+ Ke5 45.Qb5 Kd4 46.h4 Rg6 47.Qc4+ Ke5 48.Qd3 Rgf6
49.Kb2 Kf4 50.Qd4+ Kg3 51.h5 Rf2+ 52.Ka3 Rff6 53.Qd5 Kg4 54.Kb2 Rf2+ 55.Kc3 Raf6
56.Kc4 R6f5 57.Qd1+ R2f3 58.c6 Kg5 59.c7 R3f4+ 60.Kc3 Rc5+ 61.Kb2 Rf2+ 62.Kb1 Rff5
63.Qd8+ Kxh5 64.c8=Q Rxc8 65.Qxc8 Kg4 66.b4  1-0

[Event "7th Rohde Open"]
[Site "Sautron FRA"]
[Date "2007.10.30"]
[Round "5"]
[White "Das,Arg"]
[Black "Potkin,V"]
[Result "1/2-1/2"]
[WhiteElo "2367"]
[BlackElo "2612"]

1.e4 c5 2.Nf3 e6 3.d4 cxd4 4.Nxd4 Nc6 5.Nc3 Qc7 6.Be3 a6 7.Qd2 Nf6 8.O-O-O Bb4
9.f3 O-O 10.g4 b5 11.g5 Ne8 12.a3 Be7 13.f4 b4 14.Nxc6 Qxc6 15.axb4 Bxb4
16.Bg2 Rb8 17.e5 Qc7 18.Qd4 d5 19.exd6 Nxd6 20.Na2 Nc4 21.Nxb4 Nxe3 22.Qxe3 Rxb4
23.Rhf1 Bb7 24.Bxb7 Qxb7 25.b3 a5 26.Rd4 a4 27.Rxb4 Qxb4 28.Rd1 axb3 29.cxb3 Ra8
30.Qd4 Qa3+ 31.Kd2 Qxb3 32.Ke2 g6 33.Rd3 Qb7 34.Kf2 Qh1 35.Kg3 Qf1 36.Qe4 Rc8
37.Qd4 Qe2 38.Qe3 Qc2 39.Qd4 Ra8 40.Qc3 Qe2 41.Qd2 Qxd2 42.Rxd2 h6 43.h4 h5
44.Rd7 Kf8 45.Rb7 Ke8 46.Rc7 Ra3+ 47.Kg2 Rd3 48.Ra7 Rd7 49.Ra6 Ke7 50.Kf3 Rd4
51.Ra7+ Rd7 52.Ra6 Rd3+ 53.Kg2 Rd6 54.Ra7+ Rd7 55.Ra6 f6 56.Kg3 Rd3+ 57.Kg2 fxg5
58.fxg5 Rd4 59.Kg3 Rg4+ 60.Kh3 Rd4 61.Kg3 Rd6 62.Ra7+ Rd7 63.Ra6 Rd3+ 64.Kg2 Rd6
65.Ra7+ Rd7  1/2-1/2

[Event "ETCC w"]
[Site "Crete GRE"]
[Date "2007.10.31"]
[Round "4"]
[White "Zawadzka,J"]
[Black "Milliet,S"]
[Result "1/2-1/2"]
[WhiteElo "2371"]
[BlackElo "2395"]

1.e4 c5 2.Nf3 e6 3.d4 cxd4 4.Nxd4 Nc6 5.Nc3 Qc7 6.Be3 a6 7.Qd2 Nf6 8.O-O-O Bb4
9.f3 Ne5 10.Nb3 b5 11.Qe1 Be7 12.f4 Ng6 13.e5 Ng4 14.Bd4 Bb7 15.h3 Nh6 16.Qf2 Nf5
17.Bc5 O-O 18.Bd3 Rac8 19.Bb6 Bh4 20.Qg1 Qb8 21.Bxf5 exf5 22.Be3 Qa8 23.g3 Bxh1
24.gxh4 Be4 25.h5 b4 26.Nxe4 Qxe4 27.Nc5 Rxc5 28.Bxc5 Nxf4 29.Re1 Ne2+ 30.Rxe2 Qxe2
31.Bxf8 Kxf8 32.Qc5+ Ke8 33.Qc8+ Ke7 34.Qc5+ Ke8 35.Qc8+ Ke7 36.Qc5+  1/2-1/2

[Event "ETCC w"]
[Site "Crete GRE"]
[Date "2007.10.31"]
[Round "4"]
[White "Lahno,Kateri"]
[Black "Peng Zhaoqin"]
[Result "1/2-1/2"]
[WhiteElo "2459"]
[BlackElo "2419"]

1.e4 c5 2.Nf3 e6 3.d4 cxd4 4.Nxd4 Nc6 5.Nc3 Qc7 6.Be2 a6 7.O-O Nf6 8.Be3 Bb4
9.Na4 O-O 10.c4 Bd6 11.g3 Nxe4 12.Bf3 f5 13.c5 Be5 14.Nb6 Rb8 15.Bxe4 fxe4
16.Nc4 Nxd4 17.Bxd4 Bxd4 18.Qxd4 b5 19.Nd6 b4 20.Rac1 Qc6 21.Rfe1 e3 22.Rxe3 Bb7
23.Nxb7 Rxb7 24.Rce1 a5 25.Re5 h6 26.f4 Rc7 27.Rf1 Rf5 28.Rfe1 Rxe5 29.Rxe5 Rc8
30.h4 Rf8 31.b3 Qf3 32.Re3 Qc6 33.Re5 Qf3 34.Re3 Qc6 35.Re5  1/2-1/2

[Event "ETCC w"]
[Site "Crete GRE"]
[Date "2007.10.31"]
[Round "4"]
[White "Gaponenko,I"]
[Black "Muhren,B"]
[Result "1/2-1/2"]
[WhiteElo "2440"]
[BlackElo "2303"]

1.e4 c5 2.Ne2 e6 3.d4 cxd4 4.Nxd4 Nc6 5.Nc3 Qc7 6.f4 a6 7.Nxc6 Qxc6 8.Bd3 b5
9.Qe2 Bb7 10.Bd2 Bc5 11.O-O-O O-O-O 12.a3 h5 13.g3 Qb6 14.Rhf1 Nf6 15.e5 Ng4
16.Be4 d5 17.exd6 Bxd6 18.Bxb7+ Qxb7 19.Ne4 Be7 20.Bb4 Nf6 21.Rxd8+ Kxd8
22.Qd2+ Kc8 23.Qc3+ Kb8 24.Bd6+ Bxd6 25.Nxd6 Qd7 26.Rd1 Rd8 27.Qe5 Ka8 28.Rd3 Nd5
29.Ne4 g6 30.Nc3 Qc6 31.Kb1 Nxc3+ 32.Rxc3 Qh1+ 33.Ka2 Qd5+ 34.Qxd5+ Rxd5
35.Rc7 Rd2 36.Rxf7 Rxh2 37.Rf6 Rxc2 38.Rxe6 Rg2 39.Rxa6+ Kb7 40.Rxg6 h4 41.Rg5 hxg3
42.Rxb5+ Kc6 43.Rg5 Kd6 44.a4 Kc6 45.Ka3 Rg1 46.b3 g2 47.Kb4 Kd6 48.a5 Kc6
49.Rc5+ Kb7 50.Rc2 Ka6 51.Rc6+ Kb7 52.Rg6 Kc7 53.f5 Kd7 54.a6 Kc7 55.Kb5 Rf1
56.Rxg2 Rxf5+ 57.Ka4 Rf6 58.Rg7+ Kb8 59.a7+ Ka8 60.b4 Ra6+ 61.Kb5 Rb6+ 62.Kc5 Rc6+
63.Kd5 Rd6+ 64.Ke5 Re6+ 65.Kf5 Rf6+ 66.Ke5 Re6+ 67.Kd5 Rd6+ 68.Kc4 Rc6+ 69.Kb3 Rb6
70.Rg8+ Kxa7 71.Ka4 Rh6 72.Ka5 Kb7 73.Rg7+ Kb8 74.b5 Rf6 75.b6  1/2-1/2

[Event "ETCC w"]
[Site "Crete GRE"]
[Date "2007.10.31"]
[Round "4"]
[White "Hund,B"]
[Black "Fomina,T"]
[Result "0-1"]
[WhiteElo "2216"]
[BlackElo "2232"]

1.e4 c5 2.Nf3 e6 3.d4 cxd4 4.Nxd4 Nc6 5.Nc3 Qc7 6.g3 d6 7.Bg2 Nf6 8.O-O Be7
9.h3 Bd7 10.Be3 Nxd4 11.Bxd4 Bc6 12.Qe2 O-O 13.a4 b6 14.Rfe1 Qb7 15.g4 e5
16.g5 exd4 17.gxf6 Bxf6 18.Nd5 Bxd5 19.exd5 Qd7 20.Qb5 Qf5 21.Qd3 Qxd3 22.cxd3 Bg5
23.Re4 Rac8 24.h4 Bf6 25.Bh3 Rc2 26.b4 Be5 27.Bf1 f5 28.Re2 Rc7 29.b5 g6
30.Rb2 Bf6 31.a5 Bxh4 32.axb6 axb6 33.Ra6 Rb8 34.Rba2 Rbb7 35.R6a4 Bf6 36.Rc4 Be5
37.Rc6 Bf4 38.Ra6 Rd7 39.Raxb6 Bd2 40.Rxd6 Rxd6 41.Rxb7 Rxd5 42.Be2 Rc5 43.Kg2 Bf4
44.Bd1 Rc7 45.Rb8+ Kg7 46.Rd8 Be5 47.b6 Rb7 48.Rd5 Bf6 49.Rb5 Bd8 50.Bf3 Rxb6
51.Rxb6 Bxb6 52.Bd5 Kf6 53.Kh3 g5 54.Kg2 h5 55.f4 g4 56.Bc6 h4  0-1

[Event "IV Festival"]
[Site "Figueira da Foz POR"]
[Date "2007.10.31"]
[Round "4"]
[White "Leite,C"]
[Black "Bellon Lopez,JuM"]
[Result "0-1"]
[WhiteElo "2191"]
[BlackElo "2434"]

1.e4 c5 2.Nf3 e6 3.d4 cxd4 4.Nxd4 Nc6 5.Nc3 Qc7 6.Be3 Nf6 7.Bd3 Nxd4 8.Bxd4 e5
9.Nb5 Qb8 10.Be3 a6 11.Nc3 Bb4 12.O-O Bxc3 13.bxc3 Qc7 14.f4 d6 15.f5 Bd7
16.c4 Bc6 17.Qf3 b5 18.cxb5 axb5 19.Bg5 Ra4 20.Rae1 Qb7 21.Bxf6 gxf6 22.Qe2 Ke7
23.Rf3 Rxa2 24.Rg3 Rha8 25.h3 Ra1 26.Rg7 d5 27.Rxa1 Rxa1+ 28.Kh2 Qb6 29.Qh5 Qg1+
30.Kg3 Qe3+ 31.Qf3 Qe1+ 32.Kh2 dxe4 33.Rxf7+ Kxf7 34.Qh5+ Kg7  0-1

[Event "USCL 2007"]
[Site "ICC INT"]
[Date "2007.10.31"]
[Round "10"]
[White "Ju,E"]
[Black "Zenyuk,I"]
[Result "1/2-1/2"]
[WhiteElo "2173"]
[BlackElo "2197"]

1.e4 c5 2.Nf3 e6 3.d4 cxd4 4.Nxd4 Nc6 5.Nc3 Qc7 6.Be2 a6 7.O-O Nf6 8.Be3 Bb4
9.Na4 Be7 10.Nxc6 bxc6 11.Nb6 Rb8 12.Nxc8 Qxc8 13.Bd4 c5 14.Be5 Rb6 15.b3 d6
16.Bb2 O-O 17.Qd3 Nd7 18.Qg3 Bf6 19.Bxf6 Nxf6 20.e5 dxe5 21.Qxe5 Rd8 22.Rad1 Rd5
23.Qc3 Rbd6 24.Qa5 h6 25.Bf3 Rd4 26.c3 Rxd1 27.Rxd1 Rxd1+ 28.Bxd1 Qd7 29.Be2 Qd2
30.Qxa6 Qe1+ 31.Bf1 Ne4 32.a4 Qxf2+ 33.Kh1 Qe3 34.g3 Nf2+ 35.Kg2 Ng4 36.Qe2 Qg5
37.Qe4 Qd2+ 38.Qe2 Qg5 39.Qe4 Qd2+ 40.Be2 Ne3+ 41.Kf3 Nd5 42.Qd3 Qe1 43.Kg2 Nxc3
44.Bf3 Qa1 45.Qd8+ Kh7 46.a5 Qa2+ 47.Kh3 Qxb3 48.Qd3+ f5 49.a6 c4 50.Qd7 Nb5
51.Bc6 c3 52.Bxb5 c2 53.Ba4 Qxa4 54.Qxa4 c1=Q 55.Qb5 g5 56.Qd7+ Kh8 57.Qe8+ Kh7
58.Qf7+ Kh8 59.Qf6+ Kh7 60.Qe7+ Kh8 61.Qd8+ Kh7 62.Qd7+ Kh8 63.Qd4+ Kh7 64.Qd3 g4+
65.Kg2 Qc6+ 66.Kg1 Qc5+ 67.Kf1 Qc1+ 68.Ke2 Qb2+ 69.Kd1 Qa1+ 70.Kc2 Qa2+ 71.Kc3 Qa3+
72.Kd4 Qd6+ 73.Ke3 Qe5+ 74.Kd2 Qa5+ 75.Kc1 Qa1+ 76.Kc2 Qa2+ 77.Kc3 Qa3+ 78.Kd2 Qb2+
79.Qc2 Qb4+ 80.Qc3 Qd6+ 81.Qd3 Qb4+ 82.Kc2 Qa4+ 83.Kb2 Qb4+ 84.Kc1 Qc5+ 85.Kd2 Qa5+
86.Ke3 Qe5+ 87.Kf2 Qc5+ 88.Qe3 Qc2+ 89.Qe2 Qc5+ 90.Ke1 Qc3+ 91.Kd1 Qa1+ 92.Kd2 Qb2+
93.Ke1 Qc3+ 94.Kf1 Qc1+ 95.Kf2 Qc5+ 96.Qe3 Qc2+ 97.Qe2 Qc5+ 98.Ke1 Qc3+ 99.Kd1 Qa1+
100.Kd2 Qb2+ 101.Kd3 Qb5+ 102.Ke3 Qe5+ 103.Kf2 Qc5+ 104.Qe3 Qc2+ 105.Kf1 Qc4+
106.Qe2 Qc1+ 107.Kg2 Qc6+ 108.Kg1 Qc5+ 109.Qf2 Qc1+ 110.Qf1 Qc5+ 111.Kg2 Qc6+
112.Kf2 Qc5+ 113.Ke1 Qc1+ 114.Ke2 Qc4+ 115.Kf2 Qc5+ 116.Kg2 Qc6+ 117.Kg1 Qc5+  1/2-1/2

[Event "22nd GP Open A"]
[Site "Le Touquet FRA"]
[Date "2007.10.31"]
[Round "6"]
[White "Gofshtein,Z"]
[Black "Maes,W"]
[Result "1-0"]
[WhiteElo "2542"]
[BlackElo "2314"]

1.e4 c5 2.Nf3 e6 3.d4 cxd4 4.Nxd4 Nc6 5.Nc3 Qc7 6.Be3 a6 7.Qd2 Nf6 8.f3 Be7
9.O-O-O O-O 10.g4 b5 11.g5 Ne8 12.h4 Bb7 13.Kb1 Rc8 14.Nxc6 dxc6 15.Qf2 c5
16.Bh3 Nd6 17.Bf4 Rcd8 18.Qg3 Qc6 19.g6 Nc4 20.gxh7+ Kxh7 21.Rdg1 g6 22.h5 g5
23.Bxg5 Rg8 24.Qf4 Bxg5 25.Rxg5 Rxg5 26.Qxg5 Rg8 27.Qf6 Qc7 28.Rd1 Bc6 29.Nd5 Bxd5
30.exd5 Qe5 31.Qxe5 Nxe5 32.f4 Nf3 33.dxe6 fxe6 34.Bxe6 Rf8 35.f5 Kh6 36.Rd6 Kxh5
37.Rxa6 Nd4 38.a4 bxa4 39.Rxa4 Nxf5 40.Rf4 Kg5 41.Rxf5+ Rxf5 42.Bxf5 Kxf5
43.Ka2 Ke5 44.Kb3 Kd5 45.Ka4 Kc6 46.Ka5  1-0

[Event "ETCC w"]
[Site "Crete GRE"]
[Date "2007.11.01"]
[Round "5"]
[White "Hernandez,Yu"]
[Black "Muhren,B"]
[Result "1/2-1/2"]
[WhiteElo "2263"]
[BlackElo "2303"]

1.e4 c5 2.Nf3 e6 3.d4 cxd4 4.Nxd4 Nc6 5.Nc3 Qc7 6.Be2 a6 7.O-O Nf6 8.Be3 Be7
9.f4 d6 10.Kh1 O-O 11.Qe1 Re8 12.Qg3 d5 13.Nxc6 bxc6 14.Bd4 Qd8 15.Rad1 Bf8
16.Bf3 Bb7 17.f5 exf5 18.exd5 cxd5 19.Bxf6 Qxf6 20.Bxd5 Rab8 21.Bb3 Bc6 22.Nd5 Qe5
23.Qh3 g6 24.Qh4 Kg7 25.Rfe1 Qxb2 26.c3 Rxe1+ 27.Qxe1 Re8 28.Qh4 Bxd5 29.Qd4+ Kg8
30.Qxd5 Re7 31.Qc4 Qf2 32.Rf1 Qb6 33.h4 h5 34.Rd1 Qf6 35.g3 Qe5 36.Kg2 a5
37.Rd8 Qe1 38.Bd1 Re3 39.Qc7 Rxc3 40.Qd6 Qe4+ 41.Kh2 Rc2+ 42.Bxc2 Qe2+ 43.Kg1 Qe1+
44.Kg2 Qe2+  1/2-1/2

[Event "13th Venice Autumn"]
[Site "Venice ITA"]
[Date "2007.11.01"]
[Round "1"]
[White "You Zhi Chih,S"]
[Black "Ramesa,D"]
[Result "0-1"]
[WhiteElo "2109"]
[BlackElo "2308"]

1.e4 c5 2.Nf3 e6 3.d4 cxd4 4.Nxd4 Nc6 5.Nc3 Qc7 6.Be3 a6 7.Qd2 Nf6 8.O-O-O Bb4
9.f3 Ne5 10.Nb3 b5 11.Qd4 Nc6 12.Qb6 Qxb6 13.Bxb6 Rb8 14.Bc7 Rb7 15.Bf4 h6
16.a4 Bxc3 17.bxc3 bxa4 18.Nc5 Ra7 19.Nxa4 a5 20.Bd6 Ba6 21.Bd3 Bxd3 22.cxd3 Kd8
23.Kc2 Ne8 24.Bc5 Ra6 25.Rb1 d6 26.Bf2 Kc7 27.Rb2 Nf6 28.Rhb1 Nd7 29.Bg3 e5
30.Bf2 Rf8 31.d4 exd4 32.cxd4 f5 33.Kd3 fxe4+ 34.fxe4 Nb4+ 35.Ke3 Rc6 36.Be1 Nc2+
37.Kd3 Nxe1+ 38.Rxe1 Kd8 39.Nc3 Ra6 40.Ra1 Nb6 41.Ke2 Kd7 42.Rab1 Rc8 43.Rxb6 Rxb6
44.Rxb6 Rxc3 45.Rb7+ Rc7 46.Rb2 Ra7 47.Kd3 Kc6 48.Kc4 a4 49.d5+ Kd7 50.Kd4 a3
51.Ra2 Ke7 52.Ke3 Ra4 53.g3 Kf6 54.Kf4 g5+ 55.Kf3 Ke5 56.g4 Kd4  0-1

[Event "13th Venice Autumn"]
[Site "Venice ITA"]
[Date "2007.11.01"]
[Round "1"]
[White "Pomaro,A"]
[Black "Bosiocic,Mari"]
[Result "0-1"]
[WhiteElo "2152"]
[BlackElo "2491"]

1.e4 c5 2.Nf3 e6 3.d4 cxd4 4.Nxd4 Nc6 5.Nc3 Qc7 6.g3 a6 7.Bg2 d6 8.O-O Bd7
9.Be3 Nf6 10.f4 Be7 11.Qe2 O-O 12.a4 Rac8 13.Rad1 Na5 14.Kh1 h6 15.g4 Nh7
16.Nf5 Rfe8 17.Nxe7+ Rxe7 18.g5 hxg5 19.fxg5 Nc4 20.Bc1 Be8 21.Rd3 Ne5 22.Rh3 f6
23.gxf6 gxf6 24.Rh6 Rg7 25.Bh3 Bf7 26.Qe1 Re8 27.Rg1 Bg6 28.Bg4 Qf7 29.Bf4 Nxg4
30.Rxg4 Bxe4+ 31.Nxe4 Rxg4 32.h3 Rg7 33.Qh4 Rf8 34.Bxd6 Qd7 35.Rxh7 Rxh7
36.Qxf6 Rff7 37.Qc3 Qc6 38.Qxc6 bxc6 39.Kg2 Rfg7+ 40.Kf2 Rxh3 41.Nc5 Rf7+
42.Ke2 a5 43.Nd3 Rf5 44.c3 Rxd3  0-1

[Event "7th Rohde Open"]
[Site "Sautron FRA"]
[Date "2007.11.02"]
[Round "8"]
[White "Edouard,R"]
[Black "Bruned,Y"]
[Result "1-0"]
[WhiteElo "2472"]
[BlackElo "2355"]

1.e4 c5 2.Nc3 Nc6 3.Nf3 e6 4.d4 cxd4 5.Nxd4 Qc7 6.Be3 a6 7.Qd2 Nf6 8.O-O-O Bb4
9.f3 b5 10.Bf4 Ne5 11.Nc6 Bxc3 12.bxc3 Qxc6 13.Bxe5 O-O 14.Bxf6 gxf6 15.e5 fxe5
16.Qg5+ Kh8 17.Qf6+ Kg8 18.Bd3 Qxc3 19.Rde1 Bb7 20.Rxe5 Rfc8 21.Bxh7+ Kf8
22.Bg6 Qa1+ 23.Kd2 Qd4+ 24.Ke2 Qxe5+ 25.Qxe5 fxg6 26.Qf6+ Ke8 27.c3 Rc5 28.Rd1 Rd5
29.Rxd5 Bxd5 30.h4 d6 31.Qxg6+ Kd7 32.h5 e5 33.h6 Rg8 34.Qh7+ Kc6 35.Kf2 Rf8
36.Qg7 Rg8 37.Qa7 e4 38.h7 Re8 39.Qxa6+ Kc5 40.Qa7+ Kc6 41.Qd4 exf3 42.gxf3  1-0

[Event "13th Venice Autumn"]
[Site "Venice ITA"]
[Date "2007.11.02"]
[Round "3"]
[White "Mrdja,M"]
[Black "Ramesa,D"]
[Result "1/2-1/2"]
[WhiteElo "2408"]
[BlackElo "2308"]

1.e4 c5 2.Nf3 e6 3.d4 cxd4 4.Nxd4 Nc6 5.Nc3 Qc7 6.Be3 a6 7.Qd2 Nf6 8.f3 Ne5
9.O-O-O Bb4 10.Kb1 Bxc3 11.bxc3 d5 12.Bf4 Qb6+ 13.Ka1 Ng6 14.e5 Nd7 15.Be3 Qc7
16.f4 Nc5 17.Bd3 Bd7 18.Ne2 Bb5 19.Bd4 Bxd3 20.cxd3 Ne7 21.g4 h5 22.h3 Qa5
23.Qb2 Nc6 24.f5 O-O-O 25.Rb1 Rd7 26.Bxc5 Qxc5 27.fxe6 fxe6 28.d4 Qf8 29.Rhf1 Qe8
30.Nf4 hxg4 31.Nd3 Na5 32.Qb6 Nc4 33.Qa7 b6 34.Qxa6+ Kb8 35.Nc5 Ra7 36.Rxb6+ Nxb6
37.Qxb6+ Ka8 38.Nxe6 gxh3 39.Nc7+ Rxc7 40.Qxc7 Qb5 41.Rb1 Qxb1+ 42.Kxb1 h2  1/2-1/2

[Event "ETCC w"]
[Site "Crete GRE"]
[Date "2007.11.03"]
[Round "6"]
[White "Makropoulou,M"]
[Black "Milliet,S"]
[Result "1-0"]
[WhiteElo "2243"]
[BlackElo "2395"]

1.e4 c5 2.Nf3 e6 3.d4 cxd4 4.Nxd4 Nc6 5.Nc3 a6 6.Nxc6 bxc6 7.Bd3 d5 8.O-O Nf6
9.Qe2 Be7 10.b3 Bb7 11.Bb2 O-O 12.Rad1 Qc7 13.Na4 dxe4 14.Bxe4 Nxe4 15.Qxe4 Bd6
16.Qd4 Bxh2+ 17.Kh1 f6 18.Qg4 Bf4 19.Nc5 Bc8 20.Nxe6 Bxe6 21.Qxe6+ Rf7 22.g3 Bh6
23.Rd6 c5 24.Rfd1 Qb7+ 25.Kg1 Kh8 26.Rxa6 Raf8 27.Rad6 Bg5 28.Rd8 Qc7 29.R8d7 Rxd7
30.Rxd7 Qa5 31.a4 h5 32.Rd5 Qb4 33.Rxg5  1-0

[Event "KNSB TCh-NED 2007-8"]
[Site "Netherlands NED"]
[Date "2007.11.03"]
[Round "3"]
[White "Vandevoort,P"]
[Black "Kabatianski,A"]
[Result "1/2-1/2"]
[WhiteElo "2375"]
[BlackElo "2427"]

1.e4 c5 2.Nf3 e6 3.Nc3 Nc6 4.d4 cxd4 5.Nxd4 a6 6.Be3 Nf6 7.Nxc6 bxc6 8.e5 Nd5
9.Nxd5 cxd5 10.Bd3 Qc7 11.f4 Bc5 12.Qe2 d6 13.O-O O-O 14.Rae1 Bd7 15.Rf3 g6
16.Qf2 Bb5 17.h4 Bxd3 18.cxd3 Bxe3 19.Qxe3 h5 20.f5 exf5 21.Rxf5 Rfb8 22.Rxh5 gxh5
23.Qg5+ Kh7 24.Qxh5+ Kg8 25.Qg5+ Kh7 26.Qh5+  1/2-1/2

[Event "ETCC w"]
[Site "Crete GRE"]
[Date "2007.11.04"]
[Round "7"]
[White "Aginian,N"]
[Black "Velcheva,M"]
[Result "1-0"]
[WhiteElo "2261"]
[BlackElo "2255"]

1.e4 c5 2.Nf3 e6 3.d4 cxd4 4.Nxd4 Nc6 5.Nc3 Qc7 6.Be3 a6 7.Qd2 Nf6 8.O-O-O Bb4
9.f3 Ne5 10.Nb3 b5 11.Qe1 Be7 12.f4 Ng6 13.e5 Ng4 14.Bd2 Bb7 15.Bd3 Rc8 16.Qe2 Nh6
17.Ne4 O-O 18.Rhf1 f5 19.exf6 Bxf6 20.Nxf6+ Rxf6 21.g3 Bd5 22.Kb1 Bc4 23.Ba5 Qa7
24.Bc3 Rf7 25.Nd2 Bxd3 26.Qxd3 Nf5 27.Ne4 d5 28.Ng5 b4 29.Bd2 Rf6 30.Nxe6 Qb6
31.Ng5 Nfe7 32.Rfe1 Qc5 33.Qb3 a5 34.Ne4 Qc6 35.Nxf6+ gxf6 36.c3 bxc3 37.Bxc3 a4
38.Qa3 Kf7 39.Rd4 Nf5 40.Rxa4 d4 41.Qb3+ Kg7 42.Bxd4  1-0

[Event "ETCC w"]
[Site "Crete GRE"]
[Date "2007.11.04"]
[Round "7"]
[White "Vajda,S"]
[Black "Botsari,A"]
[Result "1-0"]
[WhiteElo "2407"]
[BlackElo "2341"]

1.e4 c5 2.Nf3 e6 3.d4 cxd4 4.Nxd4 Nc6 5.Nc3 Qc7 6.f4 a6 7.Nxc6 Qxc6 8.Bd3 b5
9.Qe2 Bb7 10.Bd2 Be7 11.a3 h5 12.O-O-O Nf6 13.Kb1 Qc7 14.Rhf1 Rb8 15.Qe1 Bc6
16.e5 Nd5 17.Nxd5 Bxd5 18.Be4 Bxe4 19.Qxe4 Qb7 20.Qxb7 Rxb7 21.Bb4 Rb6 22.Rf3 Bxb4
23.axb4 d5 24.exd6 Kd7 25.f5 exf5 26.Rxf5 f6 27.Rfd5 g6 28.b3 Re8 29.Kb2 Re6
30.c4 Rbxd6 31.Rxd6+ Rxd6 32.Rxd6+ Kxd6 33.Kc3 Ke5 34.Kd3 h4 35.Ke3 g5 36.Kf3 f5
37.c5 g4+ 38.Kf2 Kd5 39.g3 hxg3+ 40.hxg3  1-0

[Event "13th Venice Autumn"]
[Site "Venice ITA"]
[Date "2007.11.04"]
[Round "5"]
[White "Bonafede,A"]
[Black "Bosiocic,Mari"]
[Result "1/2-1/2"]
[WhiteElo "2279"]
[BlackElo "2491"]

1.e4 c5 2.Nf3 e6 3.d4 cxd4 4.Nxd4 Nc6 5.Nc3 Qc7 6.Be3 a6 7.Bd3 Nf6 8.O-O Ne5
9.Nf3 Nfg4 10.Nxe5 Nxe3 11.Qh5 g6 12.Qf3 Qxe5 13.fxe3 f6 14.Qxf6 Qxf6 15.Rxf6 Bg7
16.Rf3 b5 17.Raf1 Ra7 18.a4 b4 19.Nd1 Be5 20.b3 h5 21.h4 d6 22.Nf2 g5 23.hxg5 Rg7
24.Nh3 Rhg8 25.Bc4 Re7 26.R3f2 h4 27.g6 Rxg6 28.Rf8+ Kd7 29.R1f7 Bb7 30.Bd3 Rg7
31.Rxg7 Rxg7 32.Kf1 Ke7 33.Rb8 Rf7+ 34.Ke2 Kf6 35.Rg8 Re7 36.Ng5 Bg3 37.Nf3 a5  1/2-1/2

[Event "Cup Russia"]
[Site "Serpukhov RUS"]
[Date "2007.11.05"]
[Round "1.1"]
[White "Grigoriants,S RUS"]
[Black "Novikov,St1"]
[Result "1/2-1/2"]
[WhiteElo "2591"]
[BlackElo "2534"]

1.e4 c5 2.Nf3 e6 3.d4 cxd4 4.Nxd4 Nc6 5.Nc3 Qc7 6.Be2 Nf6 7.O-O Be7 8.Be3 O-O
9.Kh1 d6 10.f4 Nxd4 11.Qxd4 b6 12.Bf3 Bb7 13.Nb5 Qb8 14.c4 a6 15.Nc3 b5 16.cxb5 axb5
17.Qb4 Bc6 18.e5 Nd5 19.Nxd5 Bxd5 20.Bxd5 exd5 21.Rad1 Ra4 22.Qb3 dxe5 23.fxe5 Qxe5
24.Rxd5 Qe6 25.Rxb5 Rxa2 26.Qxe6 fxe6 27.Rxf8+ Kxf8 28.Kg1 Bf6 29.b4 Kf7
30.Kf1 Rb2 31.Kg1 Ra2 32.Kf1 Rb2 33.Rb6 Kg6 34.Rxe6 Rxb4  1/2-1/2

[Event "ch-IND w"]
[Site "Pune IND"]
[Date "2007.11.06"]
[Round "1"]
[White "Ramaswamy,A"]
[Black "Baisakhi,D"]
[Result "1-0"]
[WhiteElo "2317"]
[BlackElo "2101"]

1.e4 c5 2.Nf3 e6 3.d4 cxd4 4.Nxd4 Nc6 5.Nc3 Qc7 6.Be2 a6 7.Be3 Nf6 8.O-O Bb4
9.Na4 Be7 10.Nxc6 bxc6 11.Nb6 Rb8 12.Nxc8 Qxc8 13.Bd4 c5 14.Be5 Rb6 15.Qd3 O-O
16.b3 d6 17.Bb2 d5 18.e5 Nd7 19.f4 f6 20.exf6 Bxf6 21.Bxf6 Nxf6 22.Rae1 Rd6
23.Bf3 d4 24.Qc4 Nd5 25.Bxd5 exd5 26.Qd3 Qg4 27.g3 Re6 28.b4 Rxf4 29.Rxe6 Rxf1+
30.Kxf1 Qxe6 31.bxc5 Qh3+ 32.Kg1 Qg4 33.Kg2 Kf7 34.Qf3+ Qxf3+ 35.Kxf3 Ke6
36.Kf4 a5 37.a4 Kf6 38.c6 Ke6 39.c7 g5+ 40.Kxg5 Kd7 41.Kh6 Kxc7 42.Kxh7 Kc6
43.g4  1-0

[Event "Cup Russia"]
[Site "Serpukhov RUS"]
[Date "2007.11.06"]
[Round "1.2"]
[White "Panarin,M"]
[Black "Iljin,A"]
[Result "1/2-1/2"]
[WhiteElo "2500"]
[BlackElo "2565"]

1.e4 c6 2.Nf3 c5 3.d3 e6 4.d4 cxd4 5.Nxd4 Nc6 6.Nc3 Qc7 7.g3 a6 8.Bg2 Nf6
9.O-O d6 10.Re1 Rb8 11.Nxc6 bxc6 12.Na4 Be7 13.c4 c5 14.e5 dxe5 15.Rxe5 Bd6
16.Re1 Bb7 17.Bxb7 Rxb7 18.Qe2 Qc6 19.b3 O-O 20.Bb2 Rd8 21.Rad1 Rbd7 22.Bc3 Be7
23.Rxd7 Rxd7 24.Nb2 Rd8 25.f3 h6 26.Nd3 Qb6 27.Rd1 Nd7 28.Qe1 Qc6 29.Kg2 Bf6
30.Bxf6 Nxf6 31.Ne5 Rxd1 32.Qxd1 Qc7 33.Qe1 Qd8 34.Qf2 Qd1 35.Qxc5 Qe2+ 36.Kg1 Qe1+
37.Kg2 Qe2+ 38.Kg1 Qe1+  1/2-1/2

[Event "Open"]
[Site "Villa de Navalmoral ESP"]
[Date "2007.11.06"]
[Round "3"]
[White "Espinosa Aranda,A"]
[Black "Del Rio Angelis,S"]
[Result "0-1"]
[WhiteElo "2246"]
[BlackElo "2512"]

1.e4 c5 2.Nf3 Nc6 3.Nc3 e6 4.d4 cxd4 5.Nxd4 d6 6.Be3 Nf6 7.Be2 Be7 8.O-O O-O
9.Kh1 e5 10.Nb3 Be6 11.f4 exf4 12.Bxf4 d5 13.exd5 Nxd5 14.Nxd5 Bxd5 15.Bf3 Bxf3
16.Qxf3 Bf6 17.c3 Qb6 18.Qg3 Qb5 19.Bd6 Be5 20.Bxe5 Qxe5 21.Qf2 Rad8 22.Rae1 Qd5
23.Qe2 Qd3 24.Qf2 b6 25.Re3 Qd5 26.Rfe1 f6 27.Qg3 Rd7 28.Qf3 Ne5 29.Qxd5+ Rxd5
30.Nd4 Rfd8 31.h3 Ra5 32.a3 Rd7 33.Kg1 Kf7 34.Kf2 Rad5 35.R1e2 b5 36.Nf3 Nd3+
37.Kf1 a5 38.Nd4 Ne5 39.Nf3 Nc4 40.Re4 Rd1+ 41.Kf2 Rb1 42.Rd4 Rxd4 43.Nxd4 Nxb2
44.Nf5 Nd3+ 45.Ke3 Nc5 46.Kd4 Ne6+ 47.Kd3 Nf4+  0-1

[Event "ch-IND w"]
[Site "Pune IND"]
[Date "2007.11.07"]
[Round "2"]
[White "Priya,P"]
[Black "Anuprita,P"]
[Result "1/2-1/2"]
[WhiteElo "2129"]
[BlackElo "2060"]

1.e4 c5 2.Nc3 Nc6 3.Nf3 e6 4.d4 cxd4 5.Nxd4 Qc7 6.Be2 a6 7.Be3 Nf6 8.O-O Be7
9.f4 d6 10.a4 O-O 11.Kh1 Re8 12.Bg1 Bd7 13.Qd3 Nb4 14.Qg3 Nc6 15.Bd3 Nh5
16.Qf3 Nf6 17.Rae1 Rac8 18.Nxc6 Bxc6 19.Qg3 d5 20.exd5 Nxd5 21.Bd4 g6 22.Rxe6 Bf8
23.Rxe8 Rxe8 24.Qg5 Qd8 25.Qxd8 Rxd8 26.Nxd5 Rxd5 27.c3 Bxa4 28.f5 Bb5 29.Bxb5 Rxb5
30.f6 Rd5 31.Re1 Rd8 32.h3 h5 33.Bb6 Rd6 34.Bd4 Re6 35.Rd1 Rd6 36.Re1 Re6
37.Rd1 Rd6 38.Kg1 Bh6 39.Re1 Re6  1/2-1/2